[Event "17. Obert Int. Sant Marti 2015 - B"]
[Site "Barcelona ESP"]
[Date "2015.07.17"]
[Round "5.3"]
[White "Perez Garcia, Jose Miguel"]
[Black "Ros Montes, Daniel"]
[Result "1/2-1/2"]
[WhiteElo "2028"]
[BlackElo "2039"]
[PlyCount "84"]
[EventDate "2015.07.13"]
[EventType "swiss"]
[EventRounds "9"]
[EventCountry "ESP"]
[SourceTitle "Ajedrez en Madrid"]
[Source "lmi"]
[SourceDate "2015.07.13"]
[SourceVersion "1"]
[SourceVersionDate "2019.06.21"]
[SourceQuality "1"]

1. d4 Nf6 2. Nf3 e6 3. g3 d5 4. Bg2 b6 5. O-O Bb7 6. c4 Be7 7. Ne5 Nbd7 8. Nc3
Nxe5 9. dxe5 Ne4 10. Qa4+ Qd7 11. Qxd7+ Kxd7 12. cxd5 exd5 13. Nxe4 dxe4 14.
Bf4 Rhd8 15. Rac1 c5 16. Rc4 Bd5 17. Rd1 Ke8 18. Rcc1 Bb7 19. Kf1 Rxd1+ 20.
Rxd1 Rd8 21. Rxd8+ Kxd8 22. h4 Bd5 23. a3 b5 24. f3 exf3 25. Bxf3 Bxf3 26. exf3
Kd7 27. Ke2 Kc6 28. Bd2 Kd5 29. Ke3 b4 30. f4 a5 31. axb4 cxb4 32. b3 Bc5+ 33.
Kf3 Bd4 34. h5 a4 35. bxa4 b3 36. Bc1 b2 37. Bxb2 Bxb2 38. Kg4 Ke6 39. Kf3 Bc3
40. Ke4 Be1 41. f5+ Ke7 42. g4 Bd2 1/2-1/2

[Event "17. Obert Int. Sant Marti 2015 - B"]
[Site "Barcelona ESP"]
[Date "2015.07.17"]
[Round "5.4"]
[White "Nadal Fajardo, Ricard"]
[Black "Walter Travella, German"]
[Result "0-1"]
[WhiteElo "2037"]
[BlackElo "2028"]
[PlyCount "52"]
[EventDate "2015.07.13"]
[EventType "swiss"]
[EventRounds "9"]
[EventCountry "ESP"]
[SourceTitle "Ajedrez en Madrid"]
[Source "lmi"]
[SourceDate "2015.07.13"]
[SourceVersion "1"]
[SourceVersionDate "2019.06.21"]
[SourceQuality "1"]

1. d4 Nf6 2. Nf3 g6 3. g3 Bg7 4. Bg2 O-O 5. O-O d6 6. c4 Nbd7 7. Nc3 e5 8. dxe5
dxe5 9. Qc2 c6 10. e4 a5 11. Be3 Ng4 12. Bd2 f5 13. h3 Nh6 14. exf5 gxf5 15.
Rad1 Qe8 16. Bxh6 Bxh6 17. Rfe1 Bg7 18. Rd2 Qh5 19. Qd1 e4 20. Nd4 Qxd1 21.
Rdxd1 Nc5 22. Bf1 a4 23. Rd2 a3 24. b3 Nd3 25. Bxd3 Bxd4 26. Ne2 e3 0-1

[Event "17. Obert Int. Sant Marti 2015 - B"]
[Site "Barcelona ESP"]
[Date "2015.07.17"]
[Round "5.5"]
[White "Torres Julian, Marc"]
[Black "Molina Hernandez, Albert"]
[Result "1-0"]
[WhiteElo "1976"]
[BlackElo "2033"]
[PlyCount "121"]
[EventDate "2015.07.13"]
[EventType "swiss"]
[EventRounds "9"]
[EventCountry "ESP"]
[SourceTitle "Ajedrez en Madrid"]
[Source "lmi"]
[SourceDate "2015.07.13"]
[SourceVersion "1"]
[SourceVersionDate "2019.06.21"]
[SourceQuality "1"]

1. e4 c5 2. Nf3 d6 3. d4 cxd4 4. Nxd4 Nf6 5. Nc3 g6 6. Be3 Bg7 7. f3 Nc6 8. Qd2
O-O 9. Bc4 Bd7 10. O-O-O Rc8 11. Bb3 Ne5 12. Bh6 Nc4 13. Bxc4 Rxc4 14. Bxg7
Kxg7 15. h4 Rc5 16. Nb3 Rc4 17. h5 Ng8 18. e5 Be6 19. exd6 exd6 20. Qxd6 Qxd6
21. Rxd6 Ne7 22. hxg6 hxg6 23. Nd4 Bc8 24. Ne4 Nf5 25. Nf6 Rh8 26. Rxh8 Kxh8
27. Rd8+ Kg7 28. Ne8+ Kh6 29. Nd6 Nxd6 30. Rxd6 Kg5 31. c3 Rc5 32. Rd8 Kf6 33.
Nb3 Rc7 34. Rd5 Be6 35. Rc5 Rxc5 36. Nxc5 Bd5 37. b3 Kg5 38. c4 Bc6 39. Nd3 b6
40. Kd2 Kf5 41. Ke3 g5 42. Kd4 f6 43. b4 g4 44. Ke3 gxf3 45. gxf3 Ke6 46. f4
Kd6 47. Ne1 a5 48. a3 axb4 49. axb4 Bd7 50. Nc2 Be6 51. Kd4 Kc6 52. Ne3 Bf7 53.
Nd5 b5 54. Nxf6 bxc4 55. Ne4 Bg6 56. Nc5 Kb5 57. Kc3 Bf5 58. Nb7 Kc6 59. Nd8+
Kd7 60. Nf7 Be6 61. Ne5+ 1-0

[Event "17. Obert Int. Sant Marti 2015 - B"]
[Site "Barcelona ESP"]
[Date "2015.07.17"]
[Round "5.7"]
[White "Pla Carulla, Joaquim"]
[Black "Volart Buil, Jordi"]
[Result "1/2-1/2"]
[WhiteElo "2034"]
[BlackElo "1946"]
[PlyCount "81"]
[EventDate "2015.07.13"]
[EventType "swiss"]
[EventRounds "9"]
[EventCountry "ESP"]
[SourceTitle "Ajedrez en Madrid"]
[Source "lmi"]
[SourceDate "2015.07.13"]
[SourceVersion "1"]
[SourceVersionDate "2019.06.21"]
[SourceQuality "1"]

1. d4 Nf6 2. c4 c5 3. d5 d6 4. Nc3 e5 5. e4 Be7 6. Bd3 Nbd7 7. Nge2 Nf8 8. O-O
Ng6 9. f4 exf4 10. Nxf4 Ng4 11. Ne6 Bxe6 12. dxe6 N4e5 13. Qa4+ Kf8 14. Nd5 f6
15. Be2 a6 16. Qb3 Rb8 17. Qg3 Qc8 18. h4 h5 19. Qh3 b5 20. cxb5 axb5 21. g3 c4
22. Qf5 Bd8 23. Bf4 Ne7 24. Nxe7 Kxe7 25. Bxe5 Qc5+ 26. Kg2 Qxe5 27. Qxe5 dxe5
28. Rad1 Kxe6 29. Rd5 Be7 30. Rfd1 Rhd8 31. Rxd8 Rxd8 32. Rxd8 Bxd8 33. Bxh5
Bb6 34. Be8 b4 35. Kf3 Kd6 36. Bf7 Kc5 37. Bg8 Kd4 38. Bf7 Kc5 39. h5 Kd6 40.
Bg6 Ba7 41. Bf5 1/2-1/2

[Event "17. Obert Int. Sant Marti 2015 - B"]
[Site "Barcelona ESP"]
[Date "2015.07.17"]
[Round "5.8"]
[White "Garcia Clemente, Julian Francisco"]
[Black "Willen, Ronny"]
[Result "0-1"]
[WhiteElo "2031"]
[BlackElo "1950"]
[PlyCount "70"]
[EventDate "2015.07.13"]
[EventType "swiss"]
[EventRounds "9"]
[EventCountry "ESP"]
[SourceTitle "Ajedrez en Madrid"]
[Source "lmi"]
[SourceDate "2015.07.13"]
[SourceVersion "1"]
[SourceVersionDate "2019.06.21"]
[SourceQuality "1"]

1. d4 Nf6 2. c4 g6 3. Nc3 Bg7 4. e4 d6 5. f4 O-O 6. Nf3 c5 7. d5 b5 8. cxb5 a6
9. b6 Qxb6 10. Nd2 Qc7 11. Bc4 Nbd7 12. O-O Nb6 13. a4 Ng4 14. Qe2 Bd4+ 15. Kh1
Ne3 16. a5 Nbxc4 17. Nxc4 Nxf1 18. Qxf1 Bd7 19. Nb6 Ra7 20. f5 f6 21. Bh6 Rb8
22. h4 Qd8 23. Qf3 Qe8 24. Bf4 Qf7 25. g4 Kh8 26. fxg6 Qxg6 27. Nxd7 Rxd7 28.
h5 Qg7 29. Bc1 Rb3 30. Qf5 Rdb7 31. Na4 Rg3 32. Bf4 Rxg4 33. Bh2 Rb8 34. Nb6
Rg8 35. Nc4 Rh4 0-1

[Event "17. Obert Int. Sant Marti 2015 - B"]
[Site "Barcelona ESP"]
[Date "2015.07.17"]
[Round "5.9"]
[White "Ayza Casamitjana, Antoni"]
[Black "Salazar Navas, Josep"]
[Result "1-0"]
[WhiteElo "1945"]
[BlackElo "2024"]
[PlyCount "86"]
[EventDate "2015.07.13"]
[EventType "swiss"]
[EventRounds "9"]
[EventCountry "ESP"]
[SourceTitle "Ajedrez en Madrid"]
[Source "lmi"]
[SourceDate "2015.07.13"]
[SourceVersion "1"]
[SourceVersionDate "2019.06.21"]
[SourceQuality "1"]

1. e4 d5 2. exd5 Nf6 3. d4 Nxd5 4. Nf3 g6 5. c3 Bg7 6. Be2 O-O 7. O-O Nc6 8.
Na3 e5 9. dxe5 Nxe5 10. Nxe5 Bxe5 11. Nc4 Bg7 12. Ne3 Be6 13. Bf3 Nf4 14. Bxb7
Rb8 15. Qf3 Ne2+ 16. Kh1 Nxc1 17. Rfxc1 Qd7 18. Bc6 Qe7 19. b4 Rb6 20. a4 Qd6
21. b5 a5 22. Rab1 Qa3 23. Qf4 Rc8 24. Ra1 Qb2 25. Nc4 Bxc4 26. Qxc4 Rd8 27.
Rab1 Qd2 28. Qb3 Rd3 29. Rd1 Qe2 30. Rxd3 Qxd3 31. c4 Qf5 32. Rd1 Qxf2 33. Qd3
Rb8 34. Rf1 Qh4 35. Qf3 Rf8 36. Bd5 Qe7 37. g3 h5 38. Kg2 Bh6 39. Rf2 Bg7 40.
Re2 Qf6 41. Qe4 Bh6 42. Rf2 Qd8 43. Qxg6+ Bg7 1-0

[Event "17. Obert Int. Sant Marti 2015 - B"]
[Site "Barcelona ESP"]
[Date "2015.07.17"]
[Round "5.10"]
[White "Ferres Saez, Joan"]
[Black "Julia Yebra, David"]
[Result "1-0"]
[WhiteElo "1901"]
[BlackElo "2002"]
[PlyCount "49"]
[EventDate "2015.07.13"]
[EventType "swiss"]
[EventRounds "9"]
[EventCountry "ESP"]
[SourceTitle "Ajedrez en Madrid"]
[Source "lmi"]
[SourceDate "2015.07.13"]
[SourceVersion "1"]
[SourceVersionDate "2019.06.21"]
[SourceQuality "1"]

1. e4 d6 2. d4 Nf6 3. Nc3 c6 4. f4 Qa5 5. e5 Ne4 6. Qf3 Nxc3 7. Bd2 d5 8. Bd3
e6 9. bxc3 Qd8 10. Nh3 c5 11. f5 c4 12. fxe6 Bxe6 13. Bf5 Nc6 14. O-O Qd7 15.
Bxe6 fxe6 16. Ng5 Nd8 17. Nxh7 Qf7 18. Qg4 Qe7 19. Bg5 Qc7 20. Bxd8 Qxd8 21.
Nxf8 Rxf8 22. Rxf8+ Kxf8 23. Qxe6 Qe7 24. Rf1+ Ke8 25. Qg8+ 1-0

[Event "17. Obert Int. Sant Marti 2015 - B"]
[Site "Barcelona ESP"]
[Date "2015.07.17"]
[Round "5.11"]
[White "Riera Danes, Manel"]
[Black "Fernandez Pintado, Xavier"]
[Result "1-0"]
[WhiteElo "1996"]
[BlackElo "1906"]
[PlyCount "53"]
[EventDate "2015.07.13"]
[EventType "swiss"]
[EventRounds "9"]
[EventCountry "ESP"]
[SourceTitle "Ajedrez en Madrid"]
[Source "lmi"]
[SourceDate "2015.07.13"]
[SourceVersion "1"]
[SourceVersionDate "2019.06.21"]
[SourceQuality "1"]

1. e4 d5 2. exd5 Qxd5 3. Nc3 Qd8 4. Nf3 Bg4 5. Bc4 e6 6. d3 c6 7. Qe2 Bb4 8.
Bd2 Ne7 9. h3 Bxf3 10. Qxf3 Nd5 11. O-O Bxc3 12. bxc3 O-O 13. d4 a5 14. Bd3 f5
15. a3 b5 16. Rfe1 Qf6 17. Rad1 Nd7 18. Qe2 Rae8 19. c4 bxc4 20. Bxc4 N7b6 21.
Bxa5 Nxc4 22. Qxc4 e5 23. Bb4 Rf7 24. dxe5 Rxe5 25. Rxe5 Qxe5 26. Re1 c5 27.
Rxe5 1-0

[Event "17. Obert Int. Sant Marti 2015 - B"]
[Site "Barcelona ESP"]
[Date "2015.07.17"]
[Round "5.12"]
[White "Collell Rodriguez, Victor"]
[Black "Pascual Gonzalez-Novelles, Carles"]
[Result "1/2-1/2"]
[WhiteElo "1987"]
[BlackElo "1931"]
[PlyCount "92"]
[EventDate "2015.07.13"]
[EventType "swiss"]
[EventRounds "9"]
[EventCountry "ESP"]
[SourceTitle "Ajedrez en Madrid"]
[Source "lmi"]
[SourceDate "2015.07.13"]
[SourceVersion "1"]
[SourceVersionDate "2019.06.21"]
[SourceQuality "1"]

1. e4 e6 2. Nf3 d5 3. Nc3 Nf6 4. e5 Nfd7 5. d4 c5 6. dxc5 Bxc5 7. Bd3 Nc6 8.
Bf4 a6 9. a3 Qc7 10. O-O Ndxe5 11. Nxe5 Nxe5 12. Qe2 Bd6 13. Nxd5 exd5 14. Bxe5
Bxe5 15. Rae1 O-O 16. Qxe5 Qxe5 17. Rxe5 Be6 18. f4 Rad8 19. f5 Bc8 20. Be2 f6
21. Re3 Rfe8 22. Rxe8+ Rxe8 23. Bf3 Re5 24. Rd1 Bxf5 25. Rxd5 Bxc2 26. Rxe5
fxe5 27. Bxb7 Bd3 28. Bc6 Kf7 29. b4 Bb5 30. Be4 Ke6 31. Kf2 h6 32. Ke3 Kd6 33.
Ba8 Ba4 34. Bb7 Bb5 35. Ke4 Kc7 36. Ba8 Kd6 37. Kf5 Bd3+ 38. Be4 g6+ 39. Kxg6
Bxe4+ 40. Kxh6 Bxg2 41. Kg5 Kd5 42. h4 Kd4 43. h5 Be4 44. a4 Kc4 45. b5 axb5
46. axb5 Kxb5 1/2-1/2

[Event "17. Obert Int. Sant Marti 2015 - B"]
[Site "Barcelona ESP"]
[Date "2015.07.17"]
[Round "5.13"]
[White "Branca, Colin"]
[Black "Moysen Cortes, Jessica"]
[Result "0-1"]
[WhiteElo "1850"]
[BlackElo "1961"]
[PlyCount "92"]
[EventDate "2015.07.13"]
[EventType "swiss"]
[EventRounds "9"]
[EventCountry "ESP"]
[SourceTitle "Ajedrez en Madrid"]
[Source "lmi"]
[SourceDate "2015.07.13"]
[SourceVersion "1"]
[SourceVersionDate "2019.06.21"]
[SourceQuality "1"]

1. e4 d5 2. exd5 Qxd5 3. Nc3 Qa5 4. d4 c6 5. Bd2 Nf6 6. Ne4 Qc7 7. Nxf6+ gxf6
8. Nf3 Bf5 9. Bc4 e6 10. Nh4 Bg6 11. Nxg6 hxg6 12. Qe2 Bd6 13. g3 Qe7 14. f4
Nd7 15. O-O-O Nb6 16. Bb3 a5 17. c4 Bb4 18. c5 Bxd2+ 19. Rxd2 Nd5 20. Bxd5 cxd5
21. Rc2 Qd7 22. g4 Qc7 23. Rf1 Kd7 24. a4 Ra6 25. Rf3 Rc6 26. h3 Ke7 27. Rcc3
b6 28. cxb6 Qxb6 29. Rxc6 Qxc6+ 30. Qc2 Qxc2+ 31. Kxc2 g5 32. fxg5 fxg5 33. Kc3
Rc8+ 34. Kb3 Rc4 35. Rd3 Rb4+ 36. Ka3 Kd6 37. b3 f5 38. gxf5 exf5 39. Kb2 Ke6
40. Kc3 f4 41. Rd1 Rb8 42. Re1+ Kf6 43. Rf1 Rh8 44. Rf3 Kf5 45. b4 Rc8+ 46. Kb3
axb4 0-1

[Event "17. Obert Int. Sant Marti 2015 - B"]
[Site "Barcelona ESP"]
[Date "2015.07.17"]
[Round "5.14"]
[White "Raisin, Maxime"]
[Black "Centelles Vivas, Aleix"]
[Result "1-0"]
[WhiteElo "1777"]
[BlackElo "2034"]
[PlyCount "75"]
[EventDate "2015.07.13"]
[EventType "swiss"]
[EventRounds "9"]
[EventCountry "ESP"]
[SourceTitle "Ajedrez en Madrid"]
[Source "lmi"]
[SourceDate "2015.07.13"]
[SourceVersion "1"]
[SourceVersionDate "2019.06.21"]
[SourceQuality "1"]

1. e4 d6 2. d4 g6 3. Nc3 Bg7 4. h3 Nf6 5. Nf3 O-O 6. Bc4 a6 7. O-O b5 8. Bb3 b4
9. e5 bxc3 10. exf6 Bxf6 11. bxc3 Nd7 12. Bh6 Bg7 13. Qd2 Bb7 14. Bxg7 Kxg7 15.
Ng5 e5 16. Bxf7 Qf6 17. Bb3 Rae8 18. Ba4 Re7 19. Bxd7 Rxd7 20. dxe5 Qxe5 21.
Rfe1 Qd5 22. Ne6+ Kg8 23. Qxd5 Bxd5 24. Nxf8 Kxf8 25. Re3 Re7 26. Rxe7 Kxe7 27.
Re1+ Kd7 28. a3 Bc4 29. f3 Be6 30. Kf2 Bf5 31. Re2 d5 32. Ke1 Kd6 33. Kd2 c6
34. Re8 Kc5 35. Re7 h5 36. g4 Bc8 37. Rg7 hxg4 38. hxg4 1-0

[Event "17. Obert Int. Sant Marti 2015 - B"]
[Site "Barcelona ESP"]
[Date "2015.07.17"]
[Round "5.15"]
[White "De La Fuente  Clemente, Constantino"]
[Black "Subirana Santos, Marc"]
[Result "1-0"]
[WhiteElo "2043"]
[BlackElo "1949"]
[PlyCount "60"]
[EventDate "2015.07.13"]
[EventType "swiss"]
[EventRounds "9"]
[EventCountry "ESP"]
[SourceTitle "Ajedrez en Madrid"]
[Source "lmi"]
[SourceDate "2015.07.13"]
[SourceVersion "1"]
[SourceVersionDate "2019.06.21"]
[SourceQuality "1"]

1. e4 g6 2. d4 Bg7 3. Nc3 a6 4. Be3 d6 5. Qd2 b5 6. O-O-O Bb7 7. f3 Nd7 8. h4
h6 9. g4 e5 10. Nge2 Nb6 11. Ng3 b4 12. Nd5 a5 13. Nxb6 cxb6 14. Bb5+ Ke7 15.
dxe5 Bxe5 16. f4 Bg7 17. g5 Qc7 18. Rhe1 Rd8 19. f5 Be5 20. Bf4 Qc5 21. Ba4 b5
22. Bb3 hxg5 23. Bxe5 Qxe5 24. Qxg5+ Qf6 25. Qe3 Qe5 26. fxg6 fxg6 27. Qf2 Nh6
28. Rd5 Rhf8 29. Rxe5+ dxe5 30. Qc5+ Ke8 1-0

[Event "17. Obert Int. Sant Marti 2015 - B"]
[Site "Barcelona ESP"]
[Date "2015.07.17"]
[Round "5.16"]
[White "Poyato Ruiz, Fernando"]
[Black "Domenche Redondo, Francesc"]
[Result "1-0"]
[WhiteElo "2024"]
[BlackElo "1947"]
[PlyCount "49"]
[EventDate "2015.07.13"]
[EventType "swiss"]
[EventRounds "9"]
[EventCountry "ESP"]
[SourceTitle "Ajedrez en Madrid"]
[Source "lmi"]
[SourceDate "2015.07.13"]
[SourceVersion "1"]
[SourceVersionDate "2019.06.21"]
[SourceQuality "1"]

1. d4 d5 2. c4 c6 3. Nc3 Nf6 4. Nf3 e6 5. Bg5 Be7 6. e3 Nbd7 7. Bd3 O-O 8. O-O
dxc4 9. Bxc4 Nd5 10. Bxe7 Qxe7 11. Rc1 Nxc3 12. bxc3 e5 13. Re1 exd4 14. cxd4
Nb6 15. Bd3 Bg4 16. h3 Bh5 17. Rc5 Bg6 18. Bxg6 hxg6 19. Qb3 Rfe8 20. Ne5 Qe6
21. Qxe6 Rxe6 22. Rb1 Rd8 23. Ra5 c5 24. Rxc5 Nd7 25. Rd5 1-0

[Event "17. Obert Int. Sant Marti 2015 - B"]
[Site "Barcelona ESP"]
[Date "2015.07.17"]
[Round "5.17"]
[White "Cespedes Llaverias, Llibert"]
[Black "Martinez Hernandez, Emili"]
[Result "1/2-1/2"]
[WhiteElo "1940"]
[BlackElo "2018"]
[PlyCount "62"]
[EventDate "2015.07.13"]
[EventType "swiss"]
[EventRounds "9"]
[EventCountry "ESP"]
[SourceTitle "Ajedrez en Madrid"]
[Source "lmi"]
[SourceDate "2015.07.13"]
[SourceVersion "1"]
[SourceVersionDate "2019.06.21"]
[SourceQuality "1"]

1. e4 e6 2. d4 d5 3. Nd2 Nf6 4. e5 Ng8 5. Bd3 c5 6. c3 Bd7 7. Ne2 Qb6 8. Nf3
cxd4 9. cxd4 Bb5 10. O-O Bxd3 11. Qxd3 Ne7 12. Ng3 Nbc6 13. Be3 h5 14. h4 Ng6
15. Bg5 Be7 16. Bxe7 Kxe7 17. Qd2 Qd8 18. Qg5+ Ke8 19. Qxd8+ Rxd8 20. Ne2 Nge7
21. Ng3 g6 22. Rfd1 Nf5 23. Nxf5 gxf5 24. Ng5 Ke7 25. Rd2 f6 26. exf6+ Kxf6 27.
Re1 Rd6 28. f4 Rc8 29. Rc1 Rdd8 30. Re1 Rd6 31. Rc1 Rdd8 1/2-1/2

[Event "17. Obert Int. Sant Marti 2015 - B"]
[Site "Barcelona ESP"]
[Date "2015.07.17"]
[Round "5.18"]
[White "Corominas Garrido, Antoni"]
[Black "Sanchez Esteban, Emilio"]
[Result "1/2-1/2"]
[WhiteElo "2011"]
[BlackElo "1947"]
[PlyCount "115"]
[EventDate "2015.07.13"]
[EventType "swiss"]
[EventRounds "9"]
[EventCountry "ESP"]
[SourceTitle "Ajedrez en Madrid"]
[Source "lmi"]
[SourceDate "2015.07.13"]
[SourceVersion "1"]
[SourceVersionDate "2019.06.21"]
[SourceQuality "1"]

1. c4 e6 2. Nc3 d5 3. cxd5 exd5 4. d4 Nf6 5. Bg5 Be7 6. Nf3 O-O 7. e3 Bf5 8.
Qb3 Nbd7 9. Nxd5 Nxd5 10. Qxd5 Be6 11. Bxe7 Qxe7 12. Qa5 c5 13. Be2 Bg4 14.
dxc5 Nxc5 15. O-O b6 16. Qa3 Rfd8 17. Rad1 a5 18. Rd4 h5 19. Rfd1 Rxd4 20. Rxd4
Rc8 21. h3 Bd7 22. b3 g6 23. Qb2 Qf6 24. Rd2 Qxb2 25. Rxb2 Ne4 26. Bd3 Rc1+ 27.
Kh2 Nc5 28. Bc4 b5 29. Bd5 Be6 30. Bxe6 Nxe6 31. Rd2 Rc7 32. Nd4 Nxd4 33. exd4
Kf8 34. Kg3 Ke7 35. Kf4 f6 36. Ke4 Kd6 37. Kd3 Kd5 38. f3 b4 39. Ke3 g5 40. g3
Re7+ 41. Kf2 Rc7 42. h4 a4 43. bxa4 Ra7 44. g4 hxg4 45. hxg5 fxg5 46. Kg3 gxf3
47. Kxf3 Rxa4 48. Kg4 Ra3 49. Kxg5 Re3 50. Rb2 Kc4 51. Kf4 Re8 52. Kf5 Rd8 53.
Ke5 Rd5+ 54. Ke4 Rxd4+ 55. Ke3 Rh4 56. Rc2+ Kb5 57. Rc8 Rh3+ 58. Kd4 1/2-1/2

[Event "17. Obert Int. Sant Marti 2015 - B"]
[Site "Barcelona ESP"]
[Date "2015.07.17"]
[Round "5.19"]
[White "Rius Riu, Gerard"]
[Black "Vicente Soriano, Josep"]
[Result "0-1"]
[WhiteElo "1936"]
[BlackElo "2006"]
[PlyCount "54"]
[EventDate "2015.07.13"]
[EventType "swiss"]
[EventRounds "9"]
[EventCountry "ESP"]
[SourceTitle "Ajedrez en Madrid"]
[Source "lmi"]
[SourceDate "2015.07.13"]
[SourceVersion "1"]
[SourceVersionDate "2019.06.21"]
[SourceQuality "1"]

1. d4 Nf6 2. c4 g6 3. Nc3 Bg7 4. e4 d6 5. f4 c6 6. Nf3 O-O 7. Bd3 Bg4 8. O-O e5
9. dxe5 dxe5 10. h3 Bxf3 11. Qxf3 exf4 12. Bxf4 Nh5 13. Rad1 Nxf4 14. Qxf4 Na6
15. Kh1 Qe7 16. h4 h5 17. g4 Qxh4+ 18. Kg2 Qxg4+ 19. Qxg4 hxg4 20. Rf4 Rad8 21.
Rxg4 Nc5 22. Rg3 Bxc3 23. bxc3 Nxe4 24. Rh3 Nc5 25. Rdh1 Nxd3 26. Rh8+ Kg7 27.
R1h7+ Kf6 0-1

[Event "17. Obert Int. Sant Marti 2015 - B"]
[Site "Barcelona ESP"]
[Date "2015.07.17"]
[Round "5.20"]
[White "Maynat Diaz, Jose Antonio"]
[Black "Rodriguez Isern, Bernat"]
[Result "0-1"]
[WhiteElo "2003"]
[BlackElo "1936"]
[PlyCount "74"]
[EventDate "2015.07.13"]
[EventType "swiss"]
[EventRounds "9"]
[EventCountry "ESP"]
[SourceTitle "Ajedrez en Madrid"]
[Source "lmi"]
[SourceDate "2015.07.13"]
[SourceVersion "1"]
[SourceVersionDate "2019.06.21"]
[SourceQuality "1"]

1. e4 e5 2. Nf3 Nc6 3. Bc4 Bc5 4. c3 Nf6 5. d3 O-O 6. b4 Bb6 7. a4 a6 8. Bb2 d6
9. h3 Nh5 10. Bc1 Qf6 11. Ra2 h6 12. Nh2 Nf4 13. Bxf4 Qxf4 14. Qf3 Qc1+ 15. Qd1
Qg5 16. Qf3 Ne7 17. Nf1 Ng6 18. g3 Be6 19. Nbd2 Qe7 20. Ne3 Bxe3 21. Qxe3 f5
22. exf5 Rxf5 23. Qe4 c6 24. Qg4 Kh7 25. Bxe6 Qxe6 26. Qc4 d5 27. Qb3 Raf8 28.
Ne4 Qe7 29. Nc5 Qf7 30. O-O Rf3 31. Qd1 e4 32. dxe4 dxe4 33. Re2 e3 34. Rxe3
Rxf2 35. Ree1 Ne5 36. Ne4 Nf3+ 37. Kxf2 Nxe1+ 0-1

[Event "17. Obert Int. Sant Marti 2015 - B"]
[Site "Barcelona ESP"]
[Date "2015.07.17"]
[Round "5.21"]
[White "Martinez Ferrer, Rafael"]
[Black "Sobrevia Castellar, Lluis"]
[Result "0-1"]
[WhiteElo "1930"]
[BlackElo "1999"]
[PlyCount "65"]
[EventDate "2015.07.13"]
[EventType "swiss"]
[EventRounds "9"]
[EventCountry "ESP"]
[SourceTitle "Ajedrez en Madrid"]
[Source "lmi"]
[SourceDate "2015.07.13"]
[SourceVersion "1"]
[SourceVersionDate "2019.06.21"]
[SourceQuality "1"]

1. e4 d6 2. d4 Nf6 3. Nc3 e6 4. Bd3 b6 5. Be3 Bb7 6. f3 Nbd7 7. Nge2 c5 8. Qd2
Be7 9. g4 a6 10. O-O-O Qc7 11. Ng3 O-O-O 12. Qe2 Nb8 13. g5 Nfd7 14. d5 Ne5 15.
f4 Nxd3+ 16. Rxd3 g6 17. Rhd1 exd5 18. Nxd5 Bxd5 19. Rxd5 Kb7 20. Qf3 Nc6 21.
e5 dxe5 22. fxe5 Rxd5 23. Rxd5 Rd8 24. Bf4 Qc8 25. Rxd8 Bxd8 26. Ne4 Qe6 27.
Bg3 Kb8 28. Nd6 Bxg5+ 29. Kb1 Nd8 30. Nxf7 Nxf7 31. Qxf7 Qxf7 32. e6+ Qc7 33.
Bxc7+ 0-1

[Event "17. Obert Int. Sant Marti 2015 - B"]
[Site "Barcelona ESP"]
[Date "2015.07.17"]
[Round "5.22"]
[White "Minko, Olga"]
[Black "Catala Ulied, Bernat"]
[Result "1/2-1/2"]
[WhiteElo "1559"]
[BlackElo "1977"]
[PlyCount "178"]
[EventDate "2015.07.13"]
[EventType "swiss"]
[EventRounds "9"]
[EventCountry "ESP"]
[SourceTitle "Ajedrez en Madrid"]
[Source "lmi"]
[SourceDate "2015.07.13"]
[SourceVersion "1"]
[SourceVersionDate "2019.06.21"]
[SourceQuality "1"]

1. e4 c5 2. Nf3 d6 3. d4 cxd4 4. Nxd4 Nf6 5. Nc3 g6 6. Be3 Bg7 7. f3 O-O 8. Qd2
Nc6 9. O-O-O d5 10. Qe1 Nxd4 11. Bxd4 e6 12. exd5 Nxd5 13. Bxg7 Kxg7 14. Nxd5
exd5 15. Qe5+ f6 16. Qxd5 Qc7 17. Qc4 Qe5 18. Qd4 Qc7 19. Bc4 Bf5 20. Bd3 Rfd8
21. Qc4 Qxc4 22. Bxc4 Rac8 23. Rxd8 Rxd8 24. g4 Bc8 25. Re1 Kf8 26. Re2 b6 27.
Rd2 Re8 28. Re2 Rd8 29. Bd3 Kf7 30. h3 Bb7 31. Be4 Re8 32. Bd3 Bxf3 33. Bc4+
Kf8 34. Rf2 Re1+ 35. Kd2 Rd1+ 36. Kc3 Bd5 37. Bxd5 Rxd5 38. Rxf6+ Ke7 39. Rf3
Rc5+ 40. Kb3 Rb5+ 41. Kc3 Rc5+ 42. Kd3 Rd5+ 43. Ke4 Rd2 44. Rc3 Rd7 45. Ke5 a5
46. Rb3 Rb7 47. Kd5 Kd7 48. Rf3 Ke7 49. Kc6 Rb8 50. Kc7 Rd8 51. Kxb6 Rb8+ 52.
Kxa5 Rxb2 53. Rc3 Rxa2+ 54. Kb6 Kf7 55. Rc5 Rb2+ 56. Kc7 Ke6 57. c4 Rc2 58. Kc6
Rc3 59. h4 Rh3 60. h5 gxh5 61. Rxh5 Rg3 62. Rxh7 Rxg4 63. c5 Re4 64. Rh6+ Ke7
65. Kb5 Re1 66. c6 Kd8 67. Rh7 Rb1+ 68. Ka6 Ra1+ 69. Kb7 Rb1+ 70. Ka7 Ra1+ 71.
Kb6 Rb1+ 72. Kc5 Kc8 73. Kd6 Rd1+ 74. Kc5 Rc1+ 75. Kd6 Rd1+ 76. Ke7 Re1+ 77.
Kf8 Rf1+ 78. Ke8 Re1+ 79. Kf7 Rf1+ 80. Ke6 Re1+ 81. Kd5 Rd1+ 82. Ke4 Re1+ 83.
Kd3 Rd1+ 84. Kc2 Rd6 85. Kb3 Rxc6 86. Rh8+ Kd7 87. Rh7+ Kd6 88. Rh6+ Kd5 89.
Rxc6 Kxc6 1/2-1/2

[Event "17. Obert Int. Sant Marti 2015 - B"]
[Site "Barcelona ESP"]
[Date "2015.07.17"]
[Round "5.23"]
[White "Vargas Drechsler, Carlos"]
[Black "Salvador Muñoz, Josep M|_"]
[Result "1-0"]
[WhiteElo "1973"]
[BlackElo "1936"]
[PlyCount "71"]
[EventDate "2015.07.13"]
[EventType "swiss"]
[EventRounds "9"]
[EventCountry "ESP"]
[SourceTitle "Ajedrez en Madrid"]
[Source "lmi"]
[SourceDate "2015.07.13"]
[SourceVersion "1"]
[SourceVersionDate "2019.06.21"]
[SourceQuality "1"]

1. d4 d5 2. Nf3 Nf6 3. c4 c6 4. g3 g6 5. Bg2 Bg7 6. O-O O-O 7. b3 Na6 8. Bb2
Nc7 9. Nbd2 Re8 10. Ne5 e6 11. e4 Qe7 12. f4 Rd8 13. a4 Qe8 14. g4 dxe4 15. g5
Nd7 16. Nxd7 Rxd7 17. Nxe4 Qd8 18. Nf6+ Bxf6 19. gxf6 Qxf6 20. Qd2 Qd8 21. Qc3
Qf6 22. Rae1 h6 23. Qd2 Qg7 24. d5 Qh7 25. d6 Ne8 26. c5 Ng7 27. Bh3 Kf8 28. b4
Rd8 29. Bf6 Rd7 30. b5 Rb8 31. Bg2 cxb5 32. axb5 Nf5 33. Be4 b6 34. Bxf5 bxc5
35. Be4 Bb7 36. Bc6 1-0